| 000 | 00341nam a2200109Ia 4500 | ||
|---|---|---|---|
| 008 | 200302s9999 xx 000 0 und d | ||
| 100 | _aDonald R.Kennon & Thomas P Somma | ||
| 245 | _aAmerican Pantheon : Sculptural And Artistic Decoration Of The United State Capital | ||
| 260 | _bOhio University Press, Athens | ||
| 260 | _c2004 | ||
| 300 | _a291 | ||
| 999 |
_c4545 _d4545 |
||